COMPETENCY BASED CLINICAL BIOCHEMISTRY (Record no. 33457)

MARC details
000 -LEADER
fixed length control field 00411nam a22001697a 4500
003 - CONTROL NUMBER IDENTIFIER
control field SGT
020 ## - INTERNATIONAL STANDARD BOOK NUMBER
International Standard Book Number 9789391208653
082 ## - DEWEY DECIMAL CLASSIFICATION NUMBER
Classification number 612.015
Item number C25N
100 ## - MAIN ENTRY--PERSONAL NAME
Personal name NUSRATH, ALIYA
245 ## - TITLE STATEMENT
Title COMPETENCY BASED CLINICAL BIOCHEMISTRY
250 ## - EDITION STATEMENT
Edition statement 1ST
260 ## - PUBLICATION, DISTRIBUTION, ETC. (IMPRINT)
Place of publication, distribution, etc INDIA
Name of publisher, distributor, etc INNOVATIVE PUB
Year of Publication 2025
300 ## - PAGE DESCRIPTION
No. of Pages 305
650 ## - SUBJECT ADDED ENTRY--TOPICAL TERM
Topical term or geographic name as entry element BIOCHEMISTRY
653 ## - KEYWORDS--INDEX TERM
Keyword term COMPETENCY BASED CLINICAL BIOCHEMISTRY
942 ## - ADDED ENTRY ELEMENTS (KOHA)
Source of classification or shelving scheme Dewey Decimal Classification
Koha item type Books
Holdings
Withdrawn status Lost status Source of classification or shelving scheme Damaged status Not for loan Collection code Home library Current library Shelving location Date acquired Vendor Name Cost, normal purchase price SGTU Bill Number Total Checkouts Full call number Accession No. (Barcode) Date last seen Bill Date Koha item type
    Dewey Decimal Classification     MEDICAL SGT Medical Library SGT Medical Library Text Book 29/11/2025 ABC DELHI 650.00 SGTU 22053   612.015 C25N FM15955 22/01/2026 29/11/2025 Books
    Dewey Decimal Classification     MEDICAL SGT Medical Library SGT Medical Library Text Book 29/11/2025 ABC DELHI 650.00 SGTU 22053   612.015 C25N FM15956 22/01/2026 29/11/2025 Books